Кн. 6 : Методы синтеза дискретных моделей биологических систем; Методы математической биологии

Detalles Bibliográficos
Parent link:Методы математической биологии: учебное пособие для вузов/ под ред. М. Ю. Антомонова. Кн. 6 : Методы синтеза дискретных моделей биологических систем.— , 1980-1984
Idioma:ruso
Publicado: 1983
Subjects:
Formato: MixedMaterials Libro
KOHA link:https://koha.lib.tpu.ru/cgi-bin/koha/opac-detail.pl?biblionumber=291695

MARC

LEADER 00000nam2a2200000 4500
001 291695
005 20231102000420.0
020 |a RU  |b 83-76957 
035 |a (RuTPU)RU\TPU\book\316275 
090 |a 291695 
100 |a 20150416g1983 m y0rusy5003 ca 
101 0 |a rus 
102 |a UA 
105 |a a j 001zy 
200 0 |a Кн. 6 : Методы синтеза дискретных моделей биологических систем 
210 |d 1983 
215 |a 264 с.  |c ил. 
320 |a Библиогр.: с. 261-263 
461 1 |0 (RuTPU)RU\TPU\book\143118  |t Методы математической биологии  |o учебное пособие для вузов  |o в 8 кн.  |f под ред. М. Ю. Антомонова  |v Кн. 6 : Методы синтеза дискретных моделей биологических систем  |d 1980-1984 
606 |a Биология  |x Математические методы  |2 stltpush  |3 (RuTPU)RU\TPU\subj\28711  |9 52214 
610 1 |a теория автоматов 
610 1 |a применение 
610 1 |a подавтоматы 
610 1 |a эквивалентность 
610 1 |a автоматы Мура 
610 1 |a автоматные отображения 
610 1 |a события 
610 1 |a представления 
610 1 |a детерминизация 
610 1 |a алгебра 
610 1 |a уравнения 
610 1 |a структурная теория 
610 1 |a автоматные системы 
610 1 |a применение 
610 1 |a биологические системы 
610 1 |a учебные пособия 
675 |a 57:51  |v 3 
801 0 |a RU  |b RuMRKP  |c 19950704  |g psbo 
801 1 |a RU  |b 63413507  |c 20150416 
801 2 |a RU  |b 63413507  |c 20180420  |g RCR 
942 |c BK